Multiple Choice City Quiz - Wheeling - Statistics

General Stats
  • This quiz has been taken 9 times
  • The average score is 6 of 10
Answer Stats
Question Answer % Correct
Wheeling was the first capital of West Virginia. What is the current capital of West Virginia Charleston
100%
Wheel is bordered by what state? Ohio
75%
River that Wheeling sits near Ohio River
75%
A section of Wheeling has a lot of _______ style houses Victorian
75%
Wheeling is considered the _______ of West Virginia Birthplace
50%
Nickname of Wheeling Nail City
50%
What two counties is Wheeling located in? Ohio and Marshall
50%
Year Wheeling was established 1769
25%
When did the Wheeling Suspension Bridge finish construction 1849
25%
Population of Wheeling 27 thousand
25%
No matching quizzes found
Score Distribution
Percent of People with Each Score
Percentile by Number Answered
Your Score History
You have not taken this quiz